[Event "Oberhausener SV 1 - Krefelder SK Turm 1"]
[Site "NRW-Klasse - Gruppe 1 2018/20"]
[Date "2019.01.13"]
[Round "5.2"]
[White "Becker, Marcel"]
[Black "Kistella, Roman"]
[Result "1-0"]
[WhiteElo "2268"]
[BlackElo "2223"]
[PlyCount "69"]
[EventDate "2019.??.??"]
[WhiteTeam "Oberhausener SV 1"]
[BlackTeam "Krefelder SK Turm 1"]

1. d4 d5 2. c4 e6 3. Nc3 Nf6 4. cxd5 Nxd5 5. e4 Nxc3 6. bxc3 c5 7. a3 Be7 8.
Nf3 O-O 9. Bd3 b6 10. Qe2 Bb7 11. Bb2 Nd7 12. O-O Rc8 13. Rad1 Rc7 14. d5 exd5
15. exd5 Bf6 16. Rfe1 Qa8 17. c4 Bxb2 18. Qxb2 Qd8 19. Bf5 Bc8 20. d6 Rb7 21.
Be4 Rb8 22. Bd5 Nf6 23. Ne5 Bd7 24. Bc6 Rc8 25. Qb5 Bf5 26. Bb7 Rb8 27. Bf3 Re8
28. Nc6 Bd7 29. Ne7+ Kh8 30. Qa6 g5 31. Qxa7 g4 32. Bc6 Bxc6 33. Nxc6 Ra8 34.
Rxe8+ Qxe8 35. d7 1-0

[Event "Oberhausener SV 1 - Krefelder SK Turm 1"]
[Site "NRW-Klasse - Gruppe 1 2018/20"]
[Date "2019.01.13"]
[Round "5.3"]
[White "Van Gool, Rudi"]
[Black "Kummerow, Heiko"]
[Result "1/2-1/2"]
[WhiteElo "2209"]
[BlackElo "2126"]
[PlyCount "80"]
[EventDate "2019.??.??"]
[WhiteTeam "Krefelder SK Turm 1"]
[BlackTeam "Oberhausener SV 1"]

1. d4 Nf6 2. Nf3 g6 3. Nbd2 d5 4. b4 Ne4 5. Bb2 Bg7 6. e3 O-O 7. c4 c6 8. a4
Nxd2 9. Qxd2 Bf5 10. Be2 Nd7 11. O-O Nf6 12. Qd1 Ne4 13. Qb3 g5 14. Rad1 e6 15.
Nd2 Qf6 16. f3 Nxd2 17. Rxd2 Bg6 18. Bd3 Rad8 19. e4 Qf4 20. Re2 dxc4 21. Qxc4
Qd6 22. Kh1 Bxd4 23. Bc1 Be5 24. Bc2 Bf4 25. Bb2 Be5 26. Bc1 h6 27. g3 Qd4 28.
Qb3 Qc3 29. Re3 Qxb3 30. Rxb3 f6 31. Kg2 Bf7 32. h4 Bd4 33. hxg5 e5 34. gxf6
Bxb3 35. Bxb3+ Kh7 36. Rh1 Rxf6 37. Bg5 Rfd6 38. Bxd8 Rxd8 39. Rd1 Kg6 40. f4
Kf6 1/2-1/2

[Event "Oberhausener SV 1 - Krefelder SK Turm 1"]
[Site "NRW-Klasse - Gruppe 1 2018/20"]
[Date "2019.01.13"]
[Round "5.4"]
[White "Nissen, Claus"]
[Black "Kern, Guido"]
[Result "1/2-1/2"]
[WhiteElo "2146"]
[BlackElo "2286"]
[PlyCount "54"]
[EventDate "2019.??.??"]
[WhiteTeam "Oberhausener SV 1"]
[BlackTeam "Krefelder SK Turm 1"]

1. d4 e6 2. c4 Bb4+ 3. Bd2 Qe7 4. g3 Nf6 5. Bg2 Nc6 6. Nf3 Bxd2+ 7. Nbxd2 d6 8.
O-O e5 9. d5 Nb8 10. Ne1 a5 11. e4 h5 12. Nd3 h4 13. f4 hxg3 14. hxg3 Ng4 15.
Qe2 Na6 16. Bf3 Nh2 17. Rf2 Nxf3+ 18. Qxf3 f6 19. a3 a4 20. Rc1 b6 21. Rh2 Rxh2
22. Kxh2 Bd7 23. Qh5+ Qf7 24. Qh8+ Qf8 25. Qh5+ Qf7 26. Qh8+ Qf8 27. Qh5+ Qf7
1/2-1/2

[Event "Oberhausener SV 1 - Krefelder SK Turm 1"]
[Site "NRW-Klasse - Gruppe 1 2018/20"]
[Date "2019.01.13"]
[Round "5.5"]
[White "Terhuven, Patrick"]
[Black "Ciornei, Dragos"]
[Result "1/2-1/2"]
[WhiteElo "2162"]
[BlackElo "2077"]
[Annotator "Daniel"]
[PlyCount "105"]
[EventDate "2019.??.??"]
[WhiteTeam "Krefelder SK Turm 1"]
[BlackTeam "Oberhausener SV 1"]

1. d4 Nf6 2. Nf3 g6 3. c4 Bg7 4. g3 d6 5. Bg2 O-O 6. b3 c5 7. O-O Nc6 8. Bb2
cxd4 9. Nxd4 Bd7 10. Nc3 Nxd4 11. Qxd4 Bc6 12. Nd5 Ne8 13. Qd2 Bxb2 14. Qxb2
Nc7 15. e4 Nxd5 16. exd5 Bd7 17. Rfe1 b5 18. Rac1 bxc4 19. Rxc4 f6 20. Rce4 Rf7
21. Qe2 Kf8 22. Qe3 a5 23. h4 Bf5 24. Rc4 Rc8 25. Rec1 Rxc4 26. Rxc4 Kg7 27.
Qc3 Bd7 28. Rc7 a4 29. bxa4 Bxa4 30. Bh3 e5 31. Rc8 Qb6 32. Be6 Bd7 33. Bxf7
Bxc8 34. Qxc8 Kxf7 35. Qe6+ Kg7 36. Qe7+ Kg8 37. Qxf6 Qb1+ 38. Kg2 Qe4+ 39. Qf3
Qc4 40. a3 Kg7 41. g4 h6 42. g5 hxg5 43. hxg5 Kg8 44. Kg3 Qc1 45. Qf6 Qg1+ 46.
Kf3 Qd1+ $11 47. Ke3 Qd4+ 48. Kf3 Qd1+ 49. Ke3 Qd4+ 50. Ke2 Qe4+ 51. Kf1 Qh1+
52. Ke2 Qe4+ 53. Kf1 1/2-1/2

[Event "Oberhausener SV 1 - Krefelder SK Turm 1"]
[Site "NRW-Klasse - Gruppe 1 2018/20"]
[Date "2019.01.13"]
[Round "5.6"]
[White "Matzat, Andre"]
[Black "Winkel, Peter"]
[Result "0-1"]
[WhiteElo "2029"]
[BlackElo "2142"]
[PlyCount "82"]
[EventDate "2019.??.??"]
[WhiteTeam "Oberhausener SV 1"]
[BlackTeam "Krefelder SK Turm 1"]

1. d4 d5 2. Bf4 c5 3. e3 Nc6 4. c3 Nf6 5. Nd2 Bf5 6. Ngf3 e6 7. Nh4 Be4 8. Qb3
Qd7 9. f3 Bg6 10. Nxg6 hxg6 11. g4 cxd4 12. exd4 Bd6 13. Bxd6 Qxd6 14. O-O-O
O-O-O 15. h3 Kb8 16. Bb5 g5 17. Nf1 Ne7 18. Bd3 Nd7 19. Qc2 Qf4+ 20. Kb1 Nf8
21. Qh2 Qxh2 22. Rxh2 Nfg6 23. Ng3 Nf4 24. Bc2 Rh4 25. Re1 Rdh8 26. Nf5 Nxf5
27. gxf5 Rxh3 28. Rf2 Kc7 29. fxe6 Nxe6 30. Bf5 Rh1 31. Rfe2 R8h2 32. Bxe6 Rxe2
33. Rxh1 Rxe6 34. Rh7 Rg6 35. Rh8 f5 36. Re8 g4 37. fxg4 fxg4 38. Re2 g3 39.
Rg2 Kd6 40. Kc2 Ke6 41. Kd3 Kf5 0-1

[Event "Oberhausener SV 1 - Krefelder SK Turm 1"]
[Site "NRW-Klasse - Gruppe 1 2018/20"]
[Date "2019.01.13"]
[Round "5.7"]
[White "Dorner, Matthias"]
[Black "Voge, Andreas"]
[Result "1/2-1/2"]
[WhiteElo "2133"]
[BlackElo "2023"]
[PlyCount "56"]
[EventDate "2019.??.??"]
[WhiteTeam "Krefelder SK Turm 1"]
[BlackTeam "Oberhausener SV 1"]

1. d4 c5 2. c3 Nf6 3. Nf3 e6 4. Bf4 Nc6 5. e3 b6 6. Nbd2 Bb7 7. Be2 Be7 8. h3
O-O 9. O-O d5 10. Ne5 Nxe5 11. Bxe5 Rc8 12. Re1 Bd6 13. Bxd6 Qxd6 14. Nf3 Nd7
15. Bb5 Bc6 16. Bxc6 Rxc6 17. e4 dxe4 18. Rxe4 Nf6 19. Re2 Rcc8 20. Qa4 Qd7 21.
Qxd7 Nxd7 22. Rd1 Nf6 23. dxc5 Rxc5 24. Rd6 h6 25. Kf1 Rfc8 26. Red2 Kf8 27.
Rd8+ Ke7 28. Rxc8 Rxc8 1/2-1/2

[Event "Oberhausener SV 1 - Krefelder SK Turm 1"]
[Site "NRW-Klasse - Gruppe 1 2018/20"]
[Date "2019.01.13"]
[Round "5.8"]
[White "Weyh, Thomas"]
[Black "Fehmer, Carsten"]
[Result "1/2-1/2"]
[WhiteElo "2004"]
[BlackElo "2060"]
[PlyCount "98"]
[EventDate "2019.??.??"]
[WhiteTeam "Oberhausener SV 1"]
[BlackTeam "Krefelder SK Turm 1"]

1. d4 e6 2. c4 Bb4+ 3. Bd2 a5 4. g3 d6 5. Nf3 Nc6 6. Bg2 e5 7. d5 Bxd2+ 8. Qxd2
Nb8 9. O-O Nf6 10. c5 Ne4 11. Qc2 Nxc5 12. Nxe5 O-O 13. Nf3 Re8 14. Nc3 Nba6
15. a3 Qf6 16. Nd2 Bd7 17. Nde4 Qg6 18. Rac1 Bf5 19. f3 Nxe4 20. fxe4 Bd7 21.
Rf4 Re5 22. Nd1 Rae8 23. Ne3 a4 24. Rcf1 f6 25. Nf5 Nc5 26. Bf3 Qf7 27. g4 Kh8
28. Bg2 Bxf5 29. Rxf5 Qe7 30. R1f4 g5 31. Rf2 Rxf5 32. exf5 Qe3 33. Kf1 Kg7 34.
Rf3 Qd4 35. h3 Re5 36. Rc3 Re3 37. Rxe3 Qxe3 38. Qc4 Qb3 39. Qd4 Qc2 40. h4 h6
41. hxg5 Qc1+ 42. Kf2 Qxg5 43. Qe3 Qh4+ 44. Kf1 Kf7 45. Bf3 Qg5 46. Kf2 Qh4+
47. Kf1 Qg5 48. Kf2 Qh4+ 49. Kf1 Qg5 1/2-1/2

[Event "SV Letmathe 1 - LSV Turm Lippstadt 1"]
[Site "NRW-Klasse - Gruppe 1 2018/20"]
[Date "2019.01.13"]
[Round "5.1"]
[White "Wagner, Alexej"]
[Black "Kolosowski, Mateusz"]
[Result "0-1"]
[WhiteElo "2235"]
[BlackElo "2441"]
[PlyCount "56"]
[EventDate "2019.??.??"]
[WhiteTeam "LSV Turm Lippstadt 1"]
[BlackTeam "SV Letmathe 1"]

1. d4 Nf6 2. c4 g6 3. Nf3 Bg7 4. e3 O-O 5. Be2 c5 6. Nc3 cxd4 7. Qxd4 Nc6 8.
Qd1 d6 9. e4 Be6 10. Bd2 Nd7 11. O-O Nc5 12. Qb1 a5 13. Re1 f5 14. exf5 Bxf5
15. Qd1 Nb4 16. Nh4 Bc2 17. Qc1 Rxf2 18. Nb5 Rxe2 19. Rxe2 Bd3 20. Rf2 Nc2 21.
Rb1 Ne4 22. Rf3 Qb6+ 23. Kh1 Bf6 24. g3 Nxd2 25. Rxd3 Nxb1 26. Qxc2 Rc8 27.
Qxb1 Rxc4 28. Nc3 Rxc3 0-1

[Event "SV Letmathe 1 - LSV Turm Lippstadt 1"]
[Site "NRW-Klasse - Gruppe 1 2018/20"]
[Date "2019.01.13"]
[Round "5.2"]
[White "Podzielny, Karl-Heinz"]
[Black "Hecht, Carsten"]
[Result "0-1"]
[WhiteElo "2352"]
[BlackElo "2247"]
[PlyCount "48"]
[EventDate "2019.??.??"]
[WhiteTeam "SV Letmathe 1"]
[BlackTeam "LSV Turm Lippstadt 1"]

1. Nf3 c5 2. g3 d5 3. Bg2 Nf6 4. O-O e6 5. c4 d4 6. b4 cxb4 7. a3 Nc6 8. e3
dxe3 9. fxe3 Qd3 10. axb4 Qxc4 11. Na3 Qxb4 12. Rb1 Qa5 13. Nc4 Qc7 14. Qb3 Be7
15. Bb2 O-O 16. Rfc1 Bd7 17. Ba1 Rab8 18. Nce5 Rfc8 19. Ng5 Be8 20. Bh3 Qd6 21.
d4 Nd5 22. Nc4 Qb4 23. Qxb4 Ncxb4 24. Ne4 Na2 0-1

[Event "SV Letmathe 1 - LSV Turm Lippstadt 1"]
[Site "NRW-Klasse - Gruppe 1 2018/20"]
[Date "2019.01.13"]
[Round "5.3"]
[White "Kruse, Janik"]
[Black "Cukrowski, Filip"]
[Result "0-1"]
[WhiteElo "2171"]
[BlackElo "2409"]
[PlyCount "80"]
[EventDate "2019.??.??"]
[WhiteTeam "LSV Turm Lippstadt 1"]
[BlackTeam "SV Letmathe 1"]

1. d4 Nf6 2. c4 e6 3. Nc3 Bb4 4. e3 c5 5. Nge2 O-O 6. a3 Bxc3+ 7. Nxc3 b6 8. d5
exd5 9. cxd5 d6 10. Bd3 Na6 11. O-O Nc7 12. e4 Ng4 13. Be2 f5 14. f4 b5 15. h3
Nf6 16. e5 Ne4 17. Bf3 Bb7 18. Nxe4 fxe4 19. Bxe4 dxe5 20. Qh5 g6 21. Bxg6 Qd7
22. Be4 Rae8 23. f5 Bxd5 24. Bxd5+ Nxd5 25. Bh6 Rf7 26. Rad1 Kh8 27. Rd2 Qb7
28. f6 c4 29. Bg7+ Kg8 30. Qg5 Nf4 31. Bh6+ Kh8 32. Bg7+ Kg8 33. Kh2 Ne6 34.
Qxe5 Nxg7 35. Qg3 Qb8 36. Rd6 Re6 37. Rfd1 Rxd6 38. Rxd6 Rxf6 39. Rxf6 Qxg3+
40. Kxg3 Nh5+ 0-1

[Event "SV Letmathe 1 - LSV Turm Lippstadt 1"]
[Site "NRW-Klasse - Gruppe 1 2018/20"]
[Date "2019.01.13"]
[Round "5.4"]
[White "Adamski, Jan"]
[Black "Grobbel, Rainer"]
[Result "1/2-1/2"]
[WhiteElo "2207"]
[BlackElo "2127"]
[Annotator "Daniel"]
[PlyCount "43"]
[EventDate "2019.??.??"]
[WhiteTeam "SV Letmathe 1"]
[BlackTeam "LSV Turm Lippstadt 1"]

1. Nf3 c5 2. c4 g6 3. d4 cxd4 4. Nxd4 Bg7 5. e4 Nc6 6. Be3 Nf6 7. Nc3 O-O 8.
Be2 d6 9. O-O Nxd4 10. Bxd4 Be6 11. Qd2 Nd7 12. Be3 a6 13. Rac1 Rc8 $11 14. b3
Nc5 15. f3 Kh8 16. f4 Qa5 17. Bd4 Bxd4+ 18. Qxd4+ f6 19. h3 Nd7 20. Bg4 Bxg4
21. hxg4 Qc5 22. Qxc5 1/2-1/2

[Event "SV Letmathe 1 - LSV Turm Lippstadt 1"]
[Site "NRW-Klasse - Gruppe 1 2018/20"]
[Date "2019.01.13"]
[Round "5.5"]
[White "Pollmueller, Michael"]
[Black "Soukup, Jiri"]
[Result "1-0"]
[WhiteElo "2093"]
[BlackElo "2344"]
[PlyCount "111"]
[EventDate "2019.??.??"]
[WhiteTeam "LSV Turm Lippstadt 1"]
[BlackTeam "SV Letmathe 1"]

1. d4 d5 2. c4 e6 3. Nf3 Nf6 4. Nc3 Be7 5. Bf4 O-O 6. e3 b6 7. cxd5 exd5 8. Ne5
Bb7 9. Be2 Nbd7 10. O-O c5 11. Rc1 a6 12. Bf3 Ne4 13. Bxe4 dxe4 14. Nxd7 Qxd7
15. dxc5 Qf5 16. cxb6 Rfd8 17. Qb3 Rd3 18. Bc7 h5 19. Rcd1 h4 20. h3 Bc5 21.
Rxd3 exd3 22. e4 Qg5 23. Qc4 d2 24. Qd3 Re8 25. Rd1 Bb4 26. Qxd2 Qg6 27. Qd7
Re6 28. Qd8+ Bf8 29. Qxh4 f5 30. Qg3 Qxg3 31. Bxg3 Rxb6 32. Rd8 fxe4 33. Na4
Rc6 34. Nc3 Re6 35. Rb8 Bc6 36. Nd1 Be8 37. Ne3 Bc5 38. Bf4 Kh7 39. b4 Bd4 40.
Rd8 Bb6 41. Rd6 Rxd6 42. Bxd6 Bxe3 43. fxe3 Kg6 44. Be5 Kf7 45. Kf2 g5 46. Kg3
Ke6 47. Bg7 Kf5 48. h4 Bh5 49. hxg5 Kxg5 50. Bf8 Kf5 51. Kh4 Bd1 52. a3 Be2 53.
a4 Bd1 54. b5 Bxa4 55. bxa6 Bc6 56. a7 1-0

[Event "SV Letmathe 1 - LSV Turm Lippstadt 1"]
[Site "NRW-Klasse - Gruppe 1 2018/20"]
[Date "2019.01.13"]
[Round "5.6"]
[White "Dubinski, Mateusz"]
[Black "Meier, Jan"]
[Result "1-0"]
[WhiteElo "2289"]
[BlackElo "2067"]
[PlyCount "71"]
[EventDate "2019.??.??"]
[WhiteTeam "SV Letmathe 1"]
[BlackTeam "LSV Turm Lippstadt 1"]

1. d4 d5 2. c4 c6 3. Nf3 Nf6 4. e3 e6 5. b3 Nbd7 6. Bb2 Ne4 7. Bd3 f5 8. O-O
Bd6 9. Nc3 O-O 10. Ne2 Rf6 11. Ne5 Rh6 12. g3 Qe8 13. h4 Nxe5 14. dxe5 Be7 15.
Kg2 Bd7 16. Nf4 a5 17. f3 Nxg3 18. Kxg3 Bxh4+ 19. Kg2 Qe7 20. Rg1 g5 21. Kf1
Kh8 22. Ne2 f4 23. exf4 gxf4 24. cxd5 cxd5 25. Bd4 Qf7 26. Qd2 Rf8 27. Rg4 Qh5
28. Nxf4 Qf7 29. Ke2 Be7 30. Rf1 Rg8 31. Rxg8+ Qxg8 32. Nxd5 Rh2+ 33. Rf2 Rxf2+
34. Kxf2 Bh4+ 35. Kf1 Qg3 36. Qf4 1-0

[Event "SV Letmathe 1 - LSV Turm Lippstadt 1"]
[Site "NRW-Klasse - Gruppe 1 2018/20"]
[Date "2019.01.13"]
[Round "5.7"]
[White "Hagenhoff, Georg"]
[Black "Gruermann, Martin"]
[Result "0-1"]
[WhiteElo "1794"]
[BlackElo "2208"]
[PlyCount "54"]
[EventDate "2019.??.??"]
[WhiteTeam "LSV Turm Lippstadt 1"]
[BlackTeam "SV Letmathe 1"]

1. e4 c5 2. Nc3 a6 3. g3 b5 4. Bg2 Bb7 5. d3 e6 6. Be3 Nf6 7. h3 d5 8. e5 Nfd7
9. d4 cxd4 10. Bxd4 Nc6 11. f4 Nxd4 12. Qxd4 Bc5 13. Qd2 Qb6 14. Nf3 O-O 15.
Nd1 f6 16. Rf1 fxe5 17. fxe5 Qc7 18. Qe2 Rf5 19. g4 Rf4 20. Ng5 Rxf1+ 21. Bxf1
Re8 22. Nf3 Rf8 23. Bg2 h6 24. Nc3 Bb4 25. O-O-O Bxc3 26. bxc3 Qxc3 27. Nd4
Qa1+ 0-1

[Event "SV Letmathe 1 - LSV Turm Lippstadt 1"]
[Site "NRW-Klasse - Gruppe 1 2018/20"]
[Date "2019.01.13"]
[Round "5.8"]
[White "Pfleger, Sascha"]
[Black "Laurenz, Waldemar"]
[Result "0-1"]
[WhiteElo "2038"]
[BlackElo "1863"]
[PlyCount "110"]
[EventDate "2019.??.??"]
[WhiteTeam "SV Letmathe 1"]
[BlackTeam "LSV Turm Lippstadt 1"]

1. c4 Nf6 2. d4 e6 3. Nf3 d5 4. Bg5 Be7 5. Nc3 O-O 6. Qc2 h6 7. Bh4 a6 8. e3 c6
9. Ne5 Nbd7 10. Bxf6 Bxf6 11. Nxd7 Bxd7 12. cxd5 cxd5 13. Bd3 Rc8 14. O-O b5
15. Qb3 Qa5 16. a3 Rb8 17. Qa2 Qb6 18. b4 Qd6 19. Rfc1 Rfc8 20. Rc2 g6 21. Rac1
Kg7 22. Ne2 e5 23. Rc5 Be6 24. Qb2 Rxc5 25. Rxc5 Rc8 26. Qc3 Rxc5 27. bxc5 Qc7
28. f3 Bd7 29. Qb3 Bc6 30. f4 exd4 31. exd4 Qe7 32. Kf2 Qd7 33. Bc2 Bh4+ 34.
Kf3 h5 35. h3 Qe6 36. f5 Qf6 37. Qc3 Bd7 38. g4 hxg4+ 39. hxg4 gxf5 40. gxf5
Qg5 41. Qe3 Qh5+ 42. Kg2 Qg4+ 43. Kf1 Bf6 44. Qf2 Kh6 45. Qh2+ Kg5 46. Qd6 Qf3+
47. Ke1 Bxf5 48. Bxf5 Kxf5 49. Qd7+ Ke4 50. Qe8+ Kd3 51. Nc1+ Kxd4 52. Ne2+ Kc4
53. c6 Bh4+ 54. Kd2 Qd3+ 55. Kc1 Bg5+ 0-1

[Event "SG Niederkassel 1 - Schach Nienberge 1"]
[Site "NRW-Klasse - Gruppe 1 2018/20"]
[Date "2019.01.13"]
[Round "5.1"]
[White "Remmeke, Hans"]
[Black "Grimm, Sascha"]
[Result "1/2-1/2"]
[WhiteElo "2133"]
[BlackElo "2322"]
[PlyCount "52"]
[EventDate "2019.??.??"]
[WhiteTeam "Schach Nienberge 1"]
[BlackTeam "SG Niederkassel 1"]

1. d4 Nf6 2. c4 g6 3. Nc3 d5 4. cxd5 Nxd5 5. e4 Nxc3 6. bxc3 Bg7 7. Qa4+ Nd7 8.
Nf3 O-O 9. Be2 c5 10. O-O Nb6 11. Qa3 cxd4 12. cxd4 Bg4 13. Be3 Bxf3 14. gxf3
Bxd4 15. Rfd1 Bxa1 16. Rxd8 Rfxd8 17. Qxe7 Rd7 18. Qb4 Rad8 19. a4 Bd4 20. Bf4
a5 21. Qb3 Rc8 22. Bd2 Bxf2+ 23. Kxf2 Rxd2 24. Qxb6 Rcc2 25. Qxb7 Rxe2+ 26. Kg3
Rg2+ 1/2-1/2

[Event "SG Niederkassel 1 - Schach Nienberge 1"]
[Site "NRW-Klasse - Gruppe 1 2018/20"]
[Date "2019.01.13"]
[Round "5.4"]
[White "Guelsen, Taylan"]
[Black "Ringwelski, Marius"]
[Result "1-0"]
[WhiteElo "2176"]
[BlackElo "1952"]
[PlyCount "55"]
[EventDate "2019.??.??"]
[WhiteTeam "SG Niederkassel 1"]
[BlackTeam "Schach Nienberge 1"]

1. d4 Nf6 2. c4 e6 3. g3 d5 4. Bg2 dxc4 5. Nf3 Nc6 6. Qa4 Bb4+ 7. Bd2 Nd5 8. a3
Nb6 9. Qc2 Be7 10. Bc3 O-O 11. O-O Bd7 12. Nbd2 Qe8 13. e4 a6 14. Rfe1 f6 15.
Bf1 Qh5 16. Be2 Qb5 17. a4 Nb4 18. Bxb4 Qxb4 19. a5 Na4 20. Nxc4 b5 21. axb6
cxb6 22. b3 Nc3 23. Bf1 Rfb8 24. Rec1 Nb5 25. Ra4 Nxd4 26. Nxd4 Bxa4 27. bxa4
b5 28. Nc6 1-0

[Event "SG Niederkassel 1 - Schach Nienberge 1"]
[Site "NRW-Klasse - Gruppe 1 2018/20"]
[Date "2019.01.13"]
[Round "5.5"]
[White "Gottkehaskamp, Stefan"]
[Black "Stanetzek, Carsten"]
[Result "1/2-1/2"]
[WhiteElo "1998"]
[BlackElo "2165"]
[PlyCount "51"]
[EventDate "2019.??.??"]
[WhiteTeam "Schach Nienberge 1"]
[BlackTeam "SG Niederkassel 1"]

1. d4 d5 2. Bf4 Nf6 3. e3 c5 4. c3 Nc6 5. Nd2 Bf5 6. Ngf3 e6 7. Qb3 Qc8 8. c4
cxd4 9. Nxd4 Nxd4 10. exd4 Be7 11. cxd5 Nxd5 12. Bb5+ Kf8 13. Be3 Bc2 14. Qc4
a6 15. Qxc8+ Rxc8 16. Be2 Bf6 17. O-O Ke7 18. Bf3 Rc7 19. Bxd5 exd5 20. Bf4 Rc6
21. Nf3 Rhc8 22. Rfe1+ Re6 23. Rxe6+ Kxe6 24. Rc1 Rc6 25. Ne5 Bxe5 26. Bxe5
1/2-1/2

[Event "SG Niederkassel 1 - Schach Nienberge 1"]
[Site "NRW-Klasse - Gruppe 1 2018/20"]
[Date "2019.01.13"]
[Round "5.6"]
[White "Bussard, Christian"]
[Black "Kemper, Georg"]
[Result "1-0"]
[WhiteElo "2241"]
[BlackElo "1998"]
[PlyCount "61"]
[EventDate "2019.??.??"]
[WhiteTeam "SG Niederkassel 1"]
[BlackTeam "Schach Nienberge 1"]

1. d4 e6 2. Nf3 f5 3. Bg5 Nf6 4. Bxf6 Qxf6 5. e3 d5 6. c3 Bd6 7. Nbd2 O-O 8.
Bd3 Nd7 9. Qc2 e5 10. dxe5 Nxe5 11. Nxe5 Bxe5 12. Nf3 Bd6 13. O-O-O c6 14. h3
g6 15. h4 b5 16. h5 g5 17. h6 Rb8 18. Rh5 g4 19. Nd4 b4 20. c4 f4 21. Nxc6 Rb6
22. cxd5 g3 23. f3 fxe3 24. Bxh7+ Kh8 25. Re1 Bf4 26. Kb1 Bd7 27. Be4 a5 28.
Qc5 Ra6 29. Ne5 Bxe5 30. Rxe5 Rc8 31. Qxc8+ 1-0

[Event "SG Niederkassel 1 - Schach Nienberge 1"]
[Site "NRW-Klasse - Gruppe 1 2018/20"]
[Date "2019.01.13"]
[Round "5.7"]
[White "Haas, Kai"]
[Black "Broehl, Stephan"]
[Result "1/2-1/2"]
[WhiteElo "1931"]
[BlackElo "2087"]
[PlyCount "90"]
[EventDate "2019.??.??"]
[WhiteTeam "Schach Nienberge 1"]
[BlackTeam "SG Niederkassel 1"]

1. e4 c6 2. d3 d5 3. Nd2 Qc7 4. Ngf3 Bg4 5. g3 Nd7 6. Bg2 Ngf6 7. O-O dxe4 8.
dxe4 e5 9. h3 Bh5 10. Qe2 Bc5 11. a4 a5 12. Nb3 Be7 13. Bd2 O-O 14. Rfe1 Nc5
15. Nxc5 Bxc5 16. Bg5 Nd7 17. g4 Bg6 18. Nh4 Rfe8 19. Bd2 Nf8 20. c3 Ne6 21.
Rab1 Rad8 22. Bc1 Rd7 23. Bf1 Qb6 24. Kg2 Qb3 25. Ra1 Red8 26. f3 Rd1 27. Rxd1
Rxd1 28. Kh2 Nf4 29. Bxf4 Rxa1 30. Bxe5 Ra2 31. Ng2 Rxb2 32. Qd3 h6 33. f4 f6
34. f5 Bf7 35. Qd8+ Kh7 36. Bxf6 gxf6 37. Qxf6 Bf8 38. e5 Bg7 39. Qe7 Qd5 40.
f6 Bf8 41. Qxf8 Qxe5+ 42. Kg1 Rxg2+ 43. Bxg2 Qe1+ 44. Kh2 Qe5+ 45. Kg1 Qe1+
1/2-1/2

[Event "SG Niederkassel 1 - Schach Nienberge 1"]
[Site "NRW-Klasse - Gruppe 1 2018/20"]
[Date "2019.01.13"]
[Round "5.8"]
[White "Kuhn, Andreas"]
[Black "Keller, Dirk"]
[Result "1/2-1/2"]
[WhiteElo "1973"]
[BlackElo "1892"]
[PlyCount "31"]
[EventDate "2019.??.??"]
[WhiteTeam "SG Niederkassel 1"]
[BlackTeam "Schach Nienberge 1"]

1. d4 Nf6 2. c4 e6 3. g3 d5 4. Nf3 dxc4 5. Bg2 b5 6. a4 c6 7. O-O Bb7 8. Ne5
Nd5 9. b3 f6 10. bxc4 fxe5 11. cxd5 cxd5 12. axb5 Bd6 13. Be3 a6 14. Na3 Nd7
15. bxa6 Bxa6 16. Nc2 1/2-1/2

[Event "SG Porz 2 - SF Lieme 1"]
[Site "NRW-Klasse - Gruppe 1 2018/20"]
[Date "2019.01.13"]
[Round "5.1"]
[White "Niermann, Tristan"]
[Black "Suvorov, Alexander"]
[Result "1/2-1/2"]
[WhiteElo "2266"]
[BlackElo "2253"]
[Annotator "Daniel"]
[PlyCount "84"]
[EventDate "2019.??.??"]
[WhiteTeam "SF Lieme 1"]
[BlackTeam "SG Porz 2"]

1. d4 d5 2. Bf4 e6 3. e3 c5 4. c3 Qb6 5. Qb3 Nf6 6. Nf3 Nc6 7. Na3 c4 8. Qxb6
axb6 9. Nb5 Kd7 10. Bc7 Ne8 11. Bxb6 Ra6 12. Bc5 Bxc5 13. dxc5 Ra5 14. a4 Nc7
15. Bxc4 dxc4 16. O-O-O+ Ke7 17. Nxc7 Rxa4 18. Nb5 Ra5 19. Nd6 Rxc5 20. Nxc8+
$11 Rxc8 21. Kc2 Na5 22. h4 h5 23. Rh3 g6 24. Ng5 f6 25. Nf3 Rd5 26. Rxd5 exd5
27. Nd4 Nc6 28. Nxc6+ bxc6 29. Rh1 Ra8 30. f3 Ke6 31. e4 Ke5 32. exd5 cxd5 33.
g3 Kf5 34. Rd1 Ra5 35. Rd4 Rb5 36. Kc1 Ra5 37. Kc2 Ke5 38. Rd1 Ra8 39. Re1+ Kd6
40. Kd2 Rb8 41. Kc2 g5 42. Rh1 Rh8 1/2-1/2

[Event "SG Porz 2 - SF Lieme 1"]
[Site "NRW-Klasse - Gruppe 1 2018/20"]
[Date "2019.01.13"]
[Round "5.2"]
[White "Suvorov, Luca"]
[Black "Wittke, Rene"]
[Result "0-1"]
[WhiteElo "2156"]
[BlackElo "2222"]
[PlyCount "82"]
[EventDate "2019.??.??"]
[WhiteTeam "SG Porz 2"]
[BlackTeam "SF Lieme 1"]

1. d4 Nf6 2. c4 Nc6 3. Nc3 e5 4. d5 Ne7 5. e4 Ng6 6. Be3 Bb4 7. f3 Qe7 8. Qd2
O-O 9. Bd3 Bc5 10. Nge2 c6 11. h4 Bxe3 12. Qxe3 h5 13. O-O-O d6 14. g4 Rd8 15.
Rdg1 Bd7 16. Qg5 Nh7 17. Qxh5 Rab8 18. g5 Rdc8 19. Kb1 Nhf8 20. Re1 a6 21. Rhf1
Qd8 22. f4 exf4 23. Nxf4 Ne5 24. Qe2 b5 25. dxc6 Bg4 26. Qf2 bxc4 27. Be2 Rxc6
28. Nfd5 Bxe2 29. Rxe2 Rb7 30. h5 Nd3 31. Qg2 Rc5 32. e5 Kh8 33. h6 g6 34. exd6
Qxd6 35. Qf3 Rc8 36. Qe3 Ne6 37. Rg1 Rcb8 38. Rgg2 Ndf4 39. Nxf4 Nxf4 40. Rd2
Nxg2 41. Qf2 Qe5 0-1

[Event "SG Porz 2 - SF Lieme 1"]
[Site "NRW-Klasse - Gruppe 1 2018/20"]
[Date "2019.01.13"]
[Round "5.3"]
[White "Himpenmacher, Andy"]
[Black "Liard, Thibaud"]
[Result "1-0"]
[WhiteElo "2199"]
[BlackElo "2107"]
[PlyCount "57"]
[EventDate "2019.??.??"]
[WhiteTeam "SF Lieme 1"]
[BlackTeam "SG Porz 2"]

1. d4 Nf6 2. Bf4 g6 3. Nc3 d5 4. e3 Bg7 5. h4 h5 6. Nf3 Bg4 7. Be2 c5 8. Nb5
Na6 9. a4 O-O 10. Ne5 Bxe2 11. Qxe2 cxd4 12. exd4 Nb4 13. c3 Nc6 14. O-O a6 15.
Nxc6 bxc6 16. Nc7 Ra7 17. Nxa6 Ne4 18. Nb4 Qa8 19. Qc2 Rc8 20. Nd3 c5 21. f3
cxd4 22. fxe4 dxc3 23. b4 dxe4 24. Ne5 Qd5 25. Rad1 Qb7 26. b5 Qb6+ 27. Kh1
Bxe5 28. Bxe5 Rc4 29. Qf2 1-0

[Event "SG Porz 2 - SF Lieme 1"]
[Site "NRW-Klasse - Gruppe 1 2018/20"]
[Date "2019.01.13"]
[Round "5.4"]
[White "Sabirov, Ramil"]
[Black "Essing, Arnold"]
[Result "0-1"]
[WhiteElo "2148"]
[BlackElo "2165"]
[PlyCount "84"]
[EventDate "2019.??.??"]
[WhiteTeam "SG Porz 2"]
[BlackTeam "SF Lieme 1"]

1. e4 c5 2. Nf3 d6 3. g3 Nc6 4. Bg2 g6 5. O-O Bg7 6. d3 e5 7. Na3 Nge7 8. Nc4
O-O 9. a4 d5 10. exd5 Nxd5 11. Bg5 f6 12. Be3 Nxe3 13. fxe3 f5 14. Nfd2 Be6 15.
Qe2 Qe7 16. Bxc6 bxc6 17. e4 f4 18. Nb3 Bh3 19. Rfe1 Qg5 20. Qd2 Qh5 21. Qe2
Bg4 22. Qg2 Bf3 23. Qf2 fxg3 24. Qxg3 Rf4 25. Ne3 Rh4 26. Nd2 Rh3 27. Qf2 Rf8
28. Ndf1 Bxe4 29. Qd2 Qg5+ 30. Ng3 Bf3 31. Nef1 Rf4 32. Re3 Bd5 33. c4 Be6 34.
Kh1 h5 35. Re2 Qg4 36. Rf2 h4 37. Ne4 Rhf3 38. Ne3 Rxf2 39. Nxf2 Qf3+ 40. Kg1
h3 41. Rf1 Bh6 42. Ne4 Qxe3+ 0-1

[Event "SG Porz 2 - SF Lieme 1"]
[Site "NRW-Klasse - Gruppe 1 2018/20"]
[Date "2019.01.13"]
[Round "5.5"]
[White "Wolf, Andre"]
[Black "Ramien, David"]
[Result "0-1"]
[WhiteElo "2138"]
[BlackElo "2119"]
[PlyCount "102"]
[EventDate "2019.??.??"]
[WhiteTeam "SF Lieme 1"]
[BlackTeam "SG Porz 2"]

1. e4 c5 2. Nf3 d6 3. c3 Nf6 4. Bd3 Nc6 5. Bc2 g6 6. O-O Bg7 7. Re1 O-O 8. h3
e5 9. a3 Re8 10. b4 a6 11. d3 h6 12. Be3 cxb4 13. axb4 Be6 14. d4 d5 15. Nxe5
Nxe5 16. dxe5 Nxe4 17. f3 Ng3 18. Bf2 Nh5 19. Qd2 Qg5 20. h4 Qxd2 21. Nxd2 Rac8
22. Bd4 Bf8 23. Ba4 Re7 24. Kh2 Rec7 25. g4 Ng7 26. Re3 Be7 27. Kg3 Rf8 28. Bb6
Rcc8 29. Nb3 f5 30. Rd3 fxg4 31. fxg4 g5 32. Nd4 gxh4+ 33. Kh3 h5 34. Bd1 Rf4
35. Nxe6 Nxe6 36. Be3 hxg4+ 37. Bxg4 Ng5+ 38. Kxh4 Nf7+ 39. Kh3 Rxg4 40. Kxg4
Nxe5+ 41. Kf5 Nxd3 42. Ke6 Kf8 43. Kd7 Rc6 44. Bd4 Bf6 45. Rf1 Kf7 46. Rf3 Nb2
47. Rf5 Nc4 48. b5 axb5 49. Rxd5 Bxd4 50. Rxb5 Nb6+ 51. Rxb6 Bxb6 0-1